Statistics for NFL Teams who have Not won the superbowl

Click here to take the quiz!

General Stats

  • This quiz has been taken 47 times
  • The average score is 11 of 12

Answer Stats

Answer% Correct
Jaguars
98%
Browns
93%
Falcons
93%
Texans
93%
Vikings
93%
Bills
91%
Cardinals
91%
Chargers
91%
Lions
91%
Titans
91%
Bengals
84%
Panthers
82%

Score Distribution

Percentile by Number Answered

Percent of People with Each Score

Your Score History

You have not taken this quiz